000 00581nam a2200205 i 4500
001 99786
003 ES-MaACL
005 20230906182544.0
007 t|
008 050915s1976 sp ||||1| spa d
100 1 _aMartínez de las Marías, Pablo.
_978012
245 1 0 _aQuímica y física de las fibras textiles /
_cPablo Martínez de las Marías.
250 _a[1ª ed.].
260 _aMadrid :
_bAlhambra,
_c1976.
300 _aVIII, 204 p. ;
_c20 cm.
490 1 _aExedra
830 0 _aExedra
_9177436
852 _aES-MaACL
_jA-5852
_bR.94770
999 _c99786
_d99786